Дело о смерти профессора Нежинского лицея К.Г. Купфера

Доступно только в Электронных читальных залах Найти на картеНа карте
RUSMARC
00004203nmc2a2200000 x 450
0014254fff8-1063-45c0-840b-dd050e7faed4
00520170420151532.0
100##$a20140908l18381848k l0rusy0189 ca
1010#$arus
102##$aRU
2001#$aДело о смерти профессора Нежинского лицея К.Г. Купфера
$j26 января 1838 г. - 24 июня 1848 г.
251##$cДело
300##$aДело
300##$aОриг. заголовок дела: Дело по донесению Киевского попечителя о смерти профессора лицея князя Безбородко - Купфера и о назначении пенсии семейству его. 26 января 1838 г. - 1 мая 1839 г
801#0$aRU
$bРГИА
$c20140908
$gRCR
801#1$aRU
$bГлавНИВЦ
$c20140908
$2rusmarc
801#2$aRU
$bПБ им. Б.Н. Ельцина
$c20170420
$gRCR
$2rusmarc
850##$aРГИА
852##$aРГИА
$eФедеральное казенное учреждение "Российский государственный исторический архив" (РГИА)
$j403
937##$hРГИА
$d11179346
$aASBIBLIO_SCAN
462#0$1001460feb74-7b04-4139-aeb0-b9d27856a1ef
$12001
$aДела Департамента народного просвещения по Киевскому учебному округу за 1804-1844 гг.
$1251
$cОпись
$1852
$j69
461#0$1001a74412a3-3cc5-4d21-8f0a-dfe2fbd9e72d
$12001
$aДепартамент народного просвещения Министерства народного просвещения (1803-1917)
$1251
$cФонд
$1852
$j733
215##$a38 л.
$d36,5х26 см
371##$aДокумент не является опубликованным и широко распространяемым
105##$ay###
1222#$ad
5171#$aДело по донесению Киевского попечителя о смерти профессора лицея князя Безбородко - Купфера и о назначении пенсии семейству его. 26 января 1838 г. - 1 мая 1839 г
035##$a4254fff8-1063-45c0-840b-dd050e7faed4
856##$uhttp://readingroom.main.prlib.ru/item.aspx?id_node=n97308946&mode=full
Формат отображения